Transcultural concepts in nursing care. / (Record no. 7003)
[ view plain ]
| 000 -LEADER | |
|---|---|
| fixed length control field | 01743nam a22002537a 4500 |
| 008 - FIXED-LENGTH DATA ELEMENTS--GENERAL INFORMATION | |
| fixed length control field | 180209b xxu||||| |||| 00| 0 eng d |
| 020 ## - INTERNATIONAL STANDARD BOOK NUMBER | |
| International Standard Book Number | 9780781790376 |
| 020 ## - INTERNATIONAL STANDARD BOOK NUMBER | |
| International Standard Book Number | 0781790379 |
| 050 ## - LIBRARY OF CONGRESS CALL NUMBER | |
| Classification number | RT86. 54.A53 |
| 100 ## - MAIN ENTRY--PERSONAL NAME | |
| Personal name | Andrews, Margaret M. |
| 245 ## - TITLE STATEMENT | |
| Title | Transcultural concepts in nursing care. / |
| Statement of responsibility, etc. | Margaret M. Andrews, Joyceen S. Boyle |
| 250 ## - EDITION STATEMENT | |
| Edition statement | 5th ed. |
| 260 ## - PUBLICATION, DISTRIBUTION, ETC. | |
| Place of publication, distribution, etc. | Philadelphia: |
| Name of publisher, distributor, etc. | Lippincott Williams and Wilkins, |
| Date of publication, distribution, etc. | 2008. |
| 300 ## - PHYSICAL DESCRIPTION | |
| Extent | xx, 487p.: |
| Other physical details | ills.; |
| Dimensions | 23cm |
| 500 ## - GENERAL NOTE | |
| General note | Includes Appendix and index |
| 505 ## - FORMATTED CONTENTS NOTE | |
| Formatted contents note | Contents: Foundations of transcultural nursing care: Theoretical foundations of transcultural nursing -- Transcultural nursing care -- Developmental approach to transcultural nursing: Childbearing and transcultural nursing care issues -- Transcultural perspectives in the nursing care of children -- Transcultural perspectives in the nursing care of the middle-age -- Adults -- Caring for the older adult clients: Nursing challenges in a changing context -- Applications of transcultural concepts in nursing care delivery: Transcultural perspectives in mental health -- Trends in health care delivery and contributions of transcultural nursing -- Transcultural aspects of pain -- Culture, family and community -- Contemporary challenges in transcultural nursing: Culture and nutrition -- Religion, culture and nursing -- Ethics and culture: Contemporary challenges -- Culture diversity in the health care workforce -- International nursing and health. |
| 690 ## - LOCAL SUBJECT ADDED ENTRY--TOPICAL TERM (OCLC, RLIN) | |
| Topical term or geographic name as entry element | Transcultural medical care |
| 690 ## - LOCAL SUBJECT ADDED ENTRY--TOPICAL TERM (OCLC, RLIN) | |
| Topical term or geographic name as entry element | Delivery of Health Care |
| 690 ## - LOCAL SUBJECT ADDED ENTRY--TOPICAL TERM (OCLC, RLIN) | |
| Topical term or geographic name as entry element | Ethnic Groups |
| 690 ## - LOCAL SUBJECT ADDED ENTRY--TOPICAL TERM (OCLC, RLIN) | |
| Topical term or geographic name as entry element | Attitude to Health -- ethnology |
| 690 ## - LOCAL SUBJECT ADDED ENTRY--TOPICAL TERM (OCLC, RLIN) | |
| Topical term or geographic name as entry element | Cultural Characteristics |
| 700 ## - ADDED ENTRY--PERSONAL NAME | |
| Personal name | Boyle, Joyceen S. |
| 942 ## - ADDED ENTRY ELEMENTS (KOHA) | |
| Source of classification or shelving scheme | Library of Congress Classification |
| Koha item type | Books |
| Withdrawn status | Lost status | Source of classification or shelving scheme | Damaged status | Not for loan | Home library | Current library | Shelving location | Date acquired | Full call number | Barcode | Date last seen | Price effective from | Koha item type |
|---|---|---|---|---|---|---|---|---|---|---|---|---|---|
| Library of Congress Classification | WISCONSIN INTERNATIONAL UNIVERSITY COLLEGE, GHANA KUMASI LIBRARY | WISCONSIN INTERNATIONAL UNIVERSITY COLLEGE, GHANA KUMASI LIBRARY | nursing | 28/11/2019 | RT86. 54.A53(5e) | KSN/839/839/19 | 27/01/2020 | 28/11/2019 | Books |
